| 000 | 00822nam a2200229Ia 4500 | ||
|---|---|---|---|
| 999 |
_c35946 _d35946 |
||
| 001 | 1845 | ||
| 003 | GE_BSU | ||
| 005 | 20221007115700.0 | ||
| 008 | 181216s2007ru xx |||||||||||||| ||rus|| | ||
| 020 | _a9785974501470 | ||
| 040 | _cGE_BSU | ||
| 041 | _arus | ||
| 080 | _a342.9(075.8) Б-28 | ||
| 100 |
_aБаталина, В.В. _915136 |
||
| 245 |
_aКратки курс по административному праву / _cВ.В. Баталина. |
||
| 264 |
_aМосква : _bОкей-книга, _c2007. |
||
| 300 |
_a186 с.: _b16 см. |
||
| 653 | _aКратки курс по административному праву. | ||
| 653 | _aმოკლე კურსი ადმინისტრაციულ სამართალში | ||
| 653 | _aსამართალი | ||
| 942 |
_cBK _2udc |
||